| 000 | 00680nam a2200181Ia 4500 | ||
|---|---|---|---|
| 008 | 090630s9999 xx 000 0 und d | ||
| 082 | _b16425 | ||
| 100 | _aरावजी आशु - कानडे दिनू. | ||
| 245 |
_aड्रायव्हर. _cरावजी आशु - कानडे दिनू. |
||
| 260 | _bडॉल्फीन - गोवा. | ||
| 300 | _a0 | ||
| 600 | _aरावजी आशु - कानडे दिनू. | ||
| 630 | _aड्रायव्हर. | ||
| 655 | _aकादंबरी. | ||
| 700 | _aरावजी आशु - कानडे दिनू. | ||
| 730 | _aड्रायव्हर. | ||
| 942 | _cBOOK | ||
| 999 |
_c268281 _d268281 |
||